Vật lý đại cương 2 Điện- Từ- Quang
Đã lưu trong:
| Tác giả chính: | |
|---|---|
| Định dạng: | Sách |
| Ngôn ngữ: | Undetermined |
| Được phát hành: |
TP.HCM
Đại học Khoa học Tự nhiên TP.HCM
[K.x.đ.]
|
| Những chủ đề: | |
| Truy cập trực tuyến: | http://lrc.tdmu.edu.vn/opac/search/detail.asp?aID=2&ID=4099 |
| Các nhãn: |
Thêm thẻ
Không có thẻ, Là người đầu tiên thẻ bản ghi này!
|
| Thư viện lưu trữ: | Trung tâm Học liệu Trường Đại học Thủ Dầu Một |
|---|
| LEADER | 00700nam a2200205Ia 4500 | ||
|---|---|---|---|
| 001 | TDMU_4099 | ||
| 008 | 210410s9999 xx 000 0 und d | ||
| 082 | |a 530 | ||
| 090 | |b NG527 | ||
| 100 | |a Nguyễn, Thành Vấn | ||
| 245 | 0 | |a Vật lý đại cương 2 | |
| 245 | 0 | |b Điện- Từ- Quang | |
| 245 | 0 | |c Nguyễn Thành Vấn | |
| 260 | |a TP.HCM | ||
| 260 | |b Đại học Khoa học Tự nhiên TP.HCM | ||
| 260 | |c [K.x.đ.] | ||
| 300 | |a 304tr | ||
| 650 | |a Vật lý đại cương; Điện từ; Điện quang | ||
| 856 | |u http://lrc.tdmu.edu.vn/opac/search/detail.asp?aID=2&ID=4099 | ||
| 980 | |a Trung tâm Học liệu Trường Đại học Thủ Dầu Một | ||